000 01168njm a22002537a 4500
005 20100907103351.0
007 sd ammalaaahaa
008 100907t xxu||||| |||| 00| 0 hin d
028 _aN. 54213
_bHis Master's Voice
035 _aGR-01136
040 _aSED/VEN
100 _aMohd. Rafi
_91184
245 _aCaptain Sheroo :
_bhindustani /
_cby Mohd. Rafi, Asha Bhosle & Chorus ; music by S. Mohinder ; lyric by Raja Mehdi Ali Khan
_h[sound recording] :
246 _aकैप्टेन शेरू (मोहद .रफ़ी ,आशा भोसले और चोरुस )
_b
_h
260 _aDum Dum, India
_bHis Master's Voice
_c1963
300 _a1sound disc [Gramophone record] :
_banalog, 33. 1/3 rpm
_c10 in.
_fGramophone record
_g
500 _aBrief record.
505 _aJab shmme hasin, Kawwali (Mohd. Rafi, Asha Bhosle & Chorus)जब शम्मे हसींन ,कव्वाली भाग १ ,२
_t
_r
650 _aClassical Music
_xExcerpts
_zIndia
_918680
700 _918681
_aBhosle, Asha
700 _aChorus
_918781
942 _2ddc
_cGR
999 _c44315
_d44315